| 000 | 00361nam a2200109Ia 4500 | ||
|---|---|---|---|
| 008 | 171204s9999 xx 000 0 und d | ||
| 245 | _aAbstract Video: The Moving Image in Contemporary Art: | ||
| 245 | _cGabrielle Jennings and Kate Mondloch | ||
| 260 | _c2015 | ||
| 650 | _xVIDEO PRODUCTION AND DIRECTION | ||
| 856 | _uhttp://down.ebook777.com/048/0520282477.pdf | ||
| 999 |
_c346217 _d346217 |
||